| 000 -ლიდერი |
| ფიქსირებული სიგრძის საკონტროლო ველი |
01746nam a2200301Ia 4500 |
| 001 - საკონტროლო ნომერი |
| საკონტროლო ველი |
22286 |
| 003 - საკონტროლო ნომრის იდენტიფიკატორი |
| საკონტროლო ველი |
GE_BSU |
| 005 - ბოლო ოპერაციის თარიღი და დრო |
| საკონტროლო ველი |
20230224160404.0 |
| 008 - ფიქსირებული სიგრძის მონაცემთა ელემენტები - ზოგადი ინფორმაცია |
| ფიქსირებული სიგრძის საკონტროლო ველი |
181216s2003||||ge |||||||||||||| ||geo|| |
| 020 ## - წიგნის საერთაშორისო სტანდარტული ნომერი |
| International Standard Book Number |
99928-65-93-8 |
| 040 ## - კატალოგიზაციის წყარო |
| Transcribing agency |
GE_BSU |
| 041 ## - ენის კოდი |
| Language code of text/sound track or separate title |
geo |
| 080 ## - უნივერსალური ათობითი კლასიფიკაციის ინდექსი |
| Universal Decimal Classification number |
81'35 + 003.341 ჩ-77 |
| 100 ## - მთავარი ჩანაწერი - პიროვნების სახელი |
| Personal name |
ჩოთალიშვილი, ლელა |
| 9 (RLIN) |
15594 |
| 245 ## - ცნობა სათაურის შესახებ |
| Title |
ეგეოსურ დამწერლობათა სისტემები / |
| Statement of responsibility, etc |
ლელა ჩოთალიშვილი ; რედაქტორი რისმაგ გორდეზიანი. |
| 264 ## - წარმოების, გამოცემის, დისტრიბუციის და სხვა ცნობები |
| გამოცემის, წარმოების, დისტრიბუციის... ადგილი |
თბილისი : |
| გამოცემის, წარმოების, დისტრიბუციის... სახელწოდება |
ლოგოსი, |
| გამოცემის, წარმოების, დისტრიბუციის... თარიღი |
2003. |
| 300 ## - ფიზიკური აღწერა |
| Extent |
241გვ. ; |
| Dimensions |
20 სმ. |
| 490 ## - სერიის ცნობა |
| Series statement |
პროგრამა "ლოგოსი" |
| 500 ## - ზოგადი შენიშვნა |
| General note |
პუბლიკაციები და და ღონისძიებები კლასიკურ ფილოლოგიურ, ბიზანტიკურ და ნეოგრეცისტულ სფეროში |
| 653 ## - INDEX TERM--UNCONTROLLED |
| Uncontrolled term |
ბალკანური დამწერლობა |
| 653 ## - INDEX TERM--UNCONTROLLED |
| Uncontrolled term |
კვიპროსული დამწერლობები |
| 653 ## - INDEX TERM--UNCONTROLLED |
| Uncontrolled term |
ეგეოსურ დამწერლობათა სისტემები |
| 653 ## - INDEX TERM--UNCONTROLLED |
| Uncontrolled term |
პიქტოგრაფიული დამწერლობა |
| 700 ## - ADDED ENTRY--PERSONAL NAME |
| Personal name |
გორდეზიანი, რისმაგ |
| Relator term |
რედაქტორი |
| 9 (RLIN) |
17040 |
| 710 ## - ADDED ENTRY--CORPORATE NAME |
| Corporate name or jurisdiction name as entry element |
თსუ |
| Subordinate unit |
კლასიკური ფილოლოგიის, ბიზანტინისტიკისა და ნეოგრეცისტიკის ინსტიტუტი |
| 9 (RLIN) |
16969 |
| 942 ## - ADDED ENTRY ELEMENTS (KOHA) |
| Koha item type |
წიგნი |
| Source of classification or shelving scheme |
|